Báo Việt Nam độc lập 1941 - 1945
Nội dung cuốn sách tái bản Báo Việt Nam độc lập từ 1941 tới 1945
Αποθηκεύτηκε σε:
| Συγγραφή απο Οργανισμό/Αρχή: | |
|---|---|
| Μορφή: | Βιβλίο |
| Γλώσσα: | Undetermined |
| Έκδοση: |
Hà Nội
Công an Nhân dân
2005
|
| Θέματα: | |
| Ετικέτες: |
Προσθήκη ετικέτας
Δεν υπάρχουν, Καταχωρήστε ετικέτα πρώτοι!
|
| Thư viện lưu trữ: | Trung tâm Học liệu Trường Đại học Cần Thơ |
|---|
| LEADER | 00798nam a2200229Ia 4500 | ||
|---|---|---|---|
| 001 | CTU_125934 | ||
| 008 | 210402s9999 xx 000 0 und d | ||
| 020 | |c 71000 | ||
| 082 | |a 070.9 | ||
| 082 | |b B108 | ||
| 110 | |a Bảo tàng Cách mạng Việt Nam | ||
| 245 | 0 | |a Báo Việt Nam độc lập 1941 - 1945 | |
| 245 | 0 | |c Bảo tàng Cách mạng Việt Nam | |
| 260 | |a Hà Nội | ||
| 260 | |b Công an Nhân dân | ||
| 260 | |c 2005 | ||
| 520 | |a Nội dung cuốn sách tái bản Báo Việt Nam độc lập từ 1941 tới 1945 | ||
| 650 | |a Journalism,Journalism, communist,Vietnamese literature | ||
| 650 | |x Political aspects | ||
| 650 | |y 20th century | ||
| 904 | |i Quang Hiếu | ||
| 980 | |a Trung tâm Học liệu Trường Đại học Cần Thơ | ||